[Event "CZE-ch"]
[Site "Turnov"]
[Date "1996.??.??"]
[Round "10"]
[White "Votava, Jan"]
[Black "Stocek, Jiri"]
[Result "1-0"]
[WhiteElo "2540"]
[BlackElo "2465"]
[Annotator "Horn,Pe"]
[PlyCount "55"]
[EventDate "1996.??.??"]
[EventType "tourn"]
[EventRounds "11"]
[EventCountry "CZE"]
[EventCategory "8"]
[SourceTitle "CBM 054"]
[Source "ChessBase"]
[SourceDate "1996.10.01"]
[SourceVersion "1"]
[SourceVersionDate "1996.10.01"]
[SourceQuality "1"]

1. e4 {Bangiev} e6 2. d3 d5 3. Nd2 Nf6 4. Ngf3 c5 5. g3 Nc6 6. Bg2 Be7 7. O-O
O-O 8. Re1 Qc7 {Gilt seit mehreren deftigen Niederlagen der schwarzen Partei
in den Sechziger Jahren als 2.Wahl.} (8... b5 $1) 9. e5 Nd7 10. Qe2 b5 11. Nf1
{Bangiev: Ausgehend von den Besonderheiten der Bauernstruktur bereitet Weiß
den Angriff am Königsflügel mittels Bf4,h4,Nh2(e3)-g4,Ng5 vor.} Ba6 {Ein neuer
Plan. Schwarz beabsichtigt mit 12...Rfc8 und 13...Nd4 fortzusetzen, um
möglichst schnell die c-Linie zu öffnen. Zu beachten sind 11...a5 und 11...Nb6.
} (11... a5 {ist üblich Bangiev Die am meisten gespielte Fortsetzung.} 12. h4 (
12. Bf4 a4 13. c3 b4 14. c4 Nb6 15. Ne3 dxc4 16. dxc4 Ba6 17. Ng5 h6 18. Ne4
Nxe5 19. Qh5 f6 $17 {Varavin,V-Volkov,S/Smolensk 1991/1-0 (53)}) 12... Ba6 13.
Bf4 (13. N1h2 c4 14. Bf4 cxd3 15. cxd3 b4 16. h5 Rfc8 17. Ng4 Qb6 18. Rad1 b3
19. a3 Nd4 20. Nxd4 Qxd4 21. Be3 Qa4 22. Qf3 Rc2 $15 {0-1 Bliumberg,V-Almasi,I/
Budapest FS JulGM (04) 1994 (39)}) 13... Rfc8 (13... b4 14. Ne3 Nb6 15. h5 (15.
Ng4 Qa7 16. h5 Rfc8 17. h6 g6 18. c3 bxc3 19. bxc3 Nd7 20. Bg5 $36 {1-0 Benko,
P-Csom,I/Palma de Mallorca 12/21 1971 (47)}) 15... c4 16. h6 g6 17. Ng4 $36 {
1-0 Honn-Sokoler/corr 10/20 1970 (40)}) 14. Ne3 Qb6 15. Ng5 Bxg5 16. hxg5 c4
17. dxc4 bxc4 18. c3 Rab8 19. Nxd5 Qxb2 20. Qg4 Ndxe5 21. Bxe5 Nxe5 22. Ne7+
Kf8 23. Qe4 Nd3 $17 {Berend,F-Fancsy,I/Budapest FS05 GM (13) ;EXP 52 1996/1/
2-1/2 (60)}) (11... Nb6 12. Bf4 b4 13. h4 c4 14. d4 Na4 15. Rab1 Qb6 16. Qe3
Rb8 17. N1h2 Rb7 18. h5 b3 19. axb3 cxb3 20. c3 $16 {1-0 Kopp,P-Poppner,D/BL
8081 Wilmersdorf-Hofheim [8] 1981 (29)}) 12. h4 Rfc8 (12... b4 13. Bf4 Qb6 14.
Qe3 $6 Nd4 $1 {Lind-Bass/1983}) 13. Bf4 Nd4 $2 {Sieht irgendwie konsequent aus
mit den Schwerfiguren in der c-Linie, verliert aber dummerweise einen sehr
wichtigen P.} (13... Qb6) 14. Nxd4 (14. Qd1 Nxf3+ 15. Bxf3 Bb7 $10) 14... cxd4
{[%csl Rc2]} 15. Bxd5 $1 {[%csl Ye6,Ra8] Eine Standardkombination im
Königsindischen Angriff, wenn Schwarz sich zu Qc7 überreden läßt. Hier zeigen
sich die taktischen Nachteile von Qc7.} Bb7 (15... exd5 16. e6 Bd6 $8 17. exd7
(17. exf7+ Kh8 $8 (17... Kh8 18. Bxd6 Qxd6 19. Qe6 Qxe6 20. Rxe6 Nc5 21. Re7 g6
22. Rae1 Kg7 $15) (17... Kf8 {Bangiev} 18. Qe6 $1 $18) (17... Kxf7 18. Qe6+ $18
)) 17... Qxd7 18. Bxd6 Qxd6 19. Rac1 $16 {[%csl Rd4,Rd5][%cal Ye2e5,Yf1h2,
Yh2f3]}) 16. Bxb7 Qxb7 17. Rec1 Rc7 18. Nd2 Rac8 19. Nb3 {[%csl Rd4] ->Pd4} (
19. Ne4 $6 {Bangiev} Qd5 20. Nd6 Bxd6 21. exd6 Rc6 $15 {/\e5}) 19... Qd5 20.
Qe4 Rxc2 $2 (20... Qxe4 21. dxe4 Rc4 (21... Rxc2 {Bangiev} 22. Nxd4 $1 Rxc1+
23. Rxc1 Rxc1+ 24. Bxc1 Nxe5 25. Nxb5 Nd3 26. Be3 a6 27. Nc7 Nxb2 28. Nxa6 $16)
22. Rd1 (22. Kf1 f6 $1) 22... Rxc2 23. Nxd4 Rxb2 24. Nxb5 $16) 21. Rxc2 Rxc2
22. Qxd5 exd5 23. Nxd4 Rxb2 24. Bc1 $18 Ba3 (24... Rb4 $2 25. Nc6) 25. Nf5 (25.
Bxb2 $2 {Bangiev} Bxb2) (25. Nf3 $18 {Bangiev}) 25... Nxe5 26. Bxb2 Bxb2 27.
Rb1 Nxd3 28. Kf1 (28. Kf1 {Bangiev} a6 29. Ke2 Nc1+ 30. Kd1 Ba3 31. Rxc1 Bxc1
32. Kxc1 $18) 1-0

[Event "YUG-ch"]
[Site "Kladovo"]
[Date "1990.??.??"]
[Round "?"]
[White "Damljanovic, Branko"]
[Black "Vukovic, Zdravko"]
[Result "1-0"]
[WhiteElo "2535"]
[BlackElo "2425"]
[Annotator "Horn,Pe"]
[PlyCount "79"]
[EventDate "1990.02.??"]
[EventType "tourn"]
[EventRounds "15"]
[EventCountry "YUG"]
[EventCategory "9"]
[SourceTitle "CBM 017"]
[Source "ChessBase"]
[SourceDate "1990.08.01"]
[SourceVersion "1"]
[SourceVersionDate "1990.08.01"]
[SourceQuality "1"]

1. Nf3 Nf6 2. g3 e6 3. Bg2 d5 4. O-O c5 5. d3 Nc6 6. Nbd2 Be7 7. e4 b6 8. Re1
Bb7 9. c3 Qc7 10. Qe2 O-O 11. e5 Nd7 12. Nf1 Rae8 13. Bf4 Qd8 {Schwarz strebt
konsequent den Vorstoß des f-P an.} 14. h4 f5 (14... f6) 15. exf6 $6 Bxf6 16.
Ng5 (16. Bh3 $6 e5 17. Bxd7 Qxd7) 16... Nde5 17. Bxe5 Bxe5 18. Bh3 Bc8 19. Nh2
(19. f4 $5 h6 (19... Bc7 20. d4 $1 cxd4 21. Qd3) (19... Bf6 20. Qh5 (20. Bxe6+
Kh8 (20... Bxe6 21. Nxe6 Qd6 22. f5) 21. Qh5 Bxg5 22. Bxc8 Bxf4 23. Bf5) 20...
Bxg5 21. hxg5 e5 $17) 20. fxe5 (20. Nf3 Bf6) (20. Bxe6+ Bxe6 21. Nxe6 Rxe6 22.
fxe5 Rxe5) 20... hxg5 $13) 19... h6 20. Ngf3 Bf6 21. Nd2 e5 $15 22. Bxc8 Qxc8
23. Qh5 Qa6 24. Re3 Qb7 25. Qf3 Qd7 26. Qg2 Kh8 27. Re2 Rd8 28. Rd1 Ne7 29.
Ndf3 Nc6 30. a3 a5 31. Nf1 g6 32. Ne3 Bg7 33. Ne1 b5 34. N1c2 d4 35. Nf1 c4 36.
Ne1 dxc3 37. bxc3 Qe7 $4 (37... b4 $5 38. axb4 axb4 39. Qe4 (39. cxb4 Nd4 40.
Re3 c3 $44) 39... bxc3 40. Qxg6 Nd4 $36) 38. Qxc6 cxd3 39. Rxd3 Qxa3 40. Qxb5
1-0

[Event "Interzonal-15"]
[Site "Manila"]
[Date "1990.??.??"]
[Round "12"]
[White "El Taher, Fouad"]
[Black "Juarez Flores, Carlos Armando"]
[Result "1-0"]
[WhiteElo "2375"]
[BlackElo "2425"]
[Annotator "Horn,Pe"]
[PlyCount "73"]
[EventDate "1990.06.29"]
[EventType "swiss"]
[EventRounds "13"]
[EventCountry "PHI"]
[SourceTitle "CBM 019"]
[Source "ChessBase"]
[SourceDate "1990.12.01"]
[SourceVersion "1"]
[SourceVersionDate "1990.12.01"]
[SourceQuality "1"]

1. e4 e6 2. d3 d5 3. Nd2 c5 4. Ngf3 Nc6 5. g3 Nf6 6. Bg2 b6 7. O-O Bb7 8. e5
Nd7 9. Re1 Qc7 10. Qe2 h6 11. h4 g5 $6 {hier neu, aber ein bekanntes Motiv} (
11... Be7) 12. hxg5 hxg5 13. Nxg5 Qxe5 14. Qxe5 Ncxe5 15. f4 Ng4 16. f5 e5 (
16... Bh6 17. Nc4 $1 (17. Ndf3) 17... dxc4 18. Bxb7 Rb8 19. Bc6 $16) 17. c4 (
17. Nc4 $2 Rb8) 17... Bh6 18. Ndf3 f6 (18... dxc4 19. Nxe5) (18... Kf8 19. cxd5
Bxd5 20. Nxe5) 19. Ne6 Kf7 $2 (19... Bxc1 20. Raxc1) (19... Ke7 $1 20. Nc7 Rac8
21. Nxd5+ Bxd5 22. cxd5) 20. cxd5 $18 Rag8 (20... Bxd5 21. Nxe5+ Ndxe5 22. Bxd5
) 21. d6 e4 22. dxe4 Nge5 23. Nxe5+ Nxe5 24. Bxh6 Rxh6 25. Re3 Ke8 26. Rd1 Kd7
27. Ra3 a6 28. Rb3 Kc8 (28... b5 29. Nxc5+) 29. Rxb6 Rxg3 30. Nxc5 Bc6 31.
Rxc6+ Nxc6 32. d7+ Kd8 33. Rd6 Rh8 34. Rxc6 Rhg8 35. Kf1 Rxg2 36. Rc8+ Ke7 37.
Re8+ 1-0

[Event "Dortmunder Schachtage-B 18th"]
[Site "Dortmund"]
[Date "1990.04.12"]
[Round "7"]
[White "Lazic, Miroljub"]
[Black "Schmittdiel, Eckhard"]
[Result "1/2-1/2"]
[WhiteElo "2495"]
[BlackElo "2455"]
[Annotator "Horn,Pe"]
[PlyCount "34"]
[EventDate "1990.04.05"]
[EventType "tourn"]
[EventRounds "11"]
[EventCountry "GER"]
[EventCategory "9"]
[SourceTitle "CBM 018"]
[Source "ChessBase"]
[SourceDate "1990.10.01"]
[SourceVersion "1"]
[SourceVersionDate "1990.10.01"]
[SourceQuality "1"]

1. e4 c5 2. Nf3 e6 3. d3 Nc6 4. g3 d5 5. Nbd2 Nf6 6. Bg2 Be7 7. O-O O-O 8. Re1
Nd7 9. Qe2 (9. e5 $5 Qc7 10. Qe2 f6 11. exf6 Nxf6 {/\ Bd6,e5} 12. c3 $13 {/\ d4
}) 9... b5 10. Nf1 a5 11. h4 b4 12. Bg5 (12. e5 {Die weiße Q entwickelt man 
(ohne Qc7) in der Hauptvariante selten nach e2.}) 12... dxe4 13. Qxe4 Bb7 14.
Bxe7 Qxe7 15. N1d2 Rfd8 16. Nc4 Nf6 17. Qe2 Nd4 $10 1/2-1/2

[Event "ISR-chT"]
[Site "Ramat Aviv"]
[Date "2000.03.03"]
[Round "4.2"]
[White "Sutovsky, Emil"]
[Black "Gershon, Alik"]
[Result "1-0"]
[WhiteElo "2597"]
[BlackElo "2471"]
[Annotator "Horn,Pe"]
[PlyCount "93"]
[EventDate "2000.01.14"]
[EventType "team"]
[EventRounds "11"]
[EventCountry "ISR"]
[SourceTitle "CBM 077"]
[Source "ChessBase"]
[SourceDate "2000.07.27"]
[SourceVersion "1"]
[SourceVersionDate "2000.07.27"]
[SourceQuality "1"]
[WhiteTeam "Petah Tikva Elitzur"]
[BlackTeam "Kfar Saba"]
[WhiteTeamCountry "ISR"]
[BlackTeamCountry "ISR"]

1. e4 c5 2. Nf3 e6 3. d3 Nc6 4. g3 d5 5. Nbd2 Nf6 6. Bg2 Be7 7. O-O Qc7 8. Re1
b6 9. c3 Bb7 10. a3 O-O-O {Es scheint mir, daß dieser Zug seit der Partie
Tseitlin-Sutovskij in der Krise ist.} ({Versucht wurden auch} 10... O-O) (10...
h6) (10... a5) (10... b5) (10... dxe4) 11. b4 dxe4 (11... c4 $6 {kann kaum
überzeugen, denn nach} 12. exd5 ({Ruhiger ist} 12. e5 Nd7 13. d4 $16 {Haakert,
J-Zimmermann/Frankfurt 1988}) 12... exd5 13. dxc4 dxc4 14. Qc2 $16 {ist der
Pc4 nicht mehr zu retten.}) 12. dxe4 Ng4 (12... Nd7 13. Qb3 $1 (13. Qa4 Bf6 {
verlief für die Schwarzen sehr erfreulich:} 14. Bb2 (14. Re3 Kb8 15. Ne1 g5 16.
Rb1 g4 17. h4 Nce5 18. Qc2 c4 $17 {Trisic,A-Buhr,C/Hamburg/1998}) 14... Nce5
15. Bf1 Kb8 16. Qb3 g5 17. Rac1 $2 g4 18. Nd4 Bg5 $19 {Forgacs,G-Breutigam,M/
Delmenhorst/1987}) 13... Nde5 {führte in der Partie Tseitlin-Sutovskij/Tel
Aviv/1999 zur selben Stellung wie in der Partie nach 13...Nge5.}) (12... Ne5 $2
13. Nxe5 Qxe5 14. Qc2 Rd7 $2 15. Nc4 $18 {Kais,E-Kranz,A/Goetzis/1995}) 13. Qb3
$1 {Ich nehme an, daß es sich bei dem Gegner von Tseitlin aus der oben (und
unten) zitierten Partie um unseren Weißspieler handelt. Wenn dem so ist, zeigt
er, daß er Tseitlins Lektion verstanden hat. Es macht keinen wesentlichen
Unterschied, ob Nd7 oder Ng4 geschehen ist, da der N eh nach e5 strebt.} (13.
Qa4 Bf6 14. b5 Na5 15. Qc2 Ne5 16. Nxe5 Qxe5 17. Re3 c4 $15 {Bofill,A-Ehrke,A/
Groningen/1988}) 13... Nge5 14. Nxe5 Nxe5 15. Nc4 {Das ist der eigentliche
Witz von Qb3.} Nd3 ({Auch} 15... Nxc4 {befriedigt nicht:} 16. Qxc4 $14 {
Weiß ist eher in der Lage, Linien zu öffnen.}) 16. Rd1 Rd7 $146 {Auch in
Anbetracht des weiteren Verlaufs der Partie handelt es sich hier kaum um eine
vorbereitete Neuerung.} ({Sutovskij selbst (?) wählte} 16... Nxc1 17. Rdxc1 Kb8
18. b5 $16 {[%csl Gc4] Der Nc4 ist ideal plaziert.} h5 19. a4 {[%cal Ya4a5]}
Bg5 20. Re1 h4 21. a5 hxg3 22. hxg3 Kc8 23. axb6 axb6 24. Ra7 $40 {[%cal Re4e5]
Tseitlin,M-Sutovskij,E/Tel Aviv/1999}) 17. b5 {[%csl Gc4]} Rhd8 18. a4 Bf6 19.
a5 Ne5 ({Nach der harmlosen Demonstration} 19... h5 {setzt Weiß seinen Angriff
wie in der Partie Tseitlins fort:} 20. axb6 axb6 21. Ra7 $40) 20. Bf4 {Damit
behauptet Weiß den Nc4, auf dem der weiße Vorteil basiert.} Rxd1+ 21. Rxd1 g5 {
Schwarz kommt um diesen schwächenden Zug nicht herum.} ({Nach} 21... Rxd1+ 22.
Qxd1 {muß Schwarz doch} g5 {spielen.}) 22. Bxe5 Bxe5 ({Das Einschalten von} 
22... Rxd1+ 23. Qxd1 {macht wenig Unterschied:} Bxe5 24. a6 Ba8 25. Qh5 Bxc3
26. Qxh7 $16) 23. a6 $1 {Damit markiert Weiß die Schwäche a7 und drängt den
Bb7 noch weiter ab.} Ba8 24. Rxd8+ Kxd8 25. Qd1+ Ke8 (25... Kc8 26. Qh5 {
ist die oben angegebene Variante.}) (25... Ke7 {löst die schwarzen Probleme
auch nicht:} 26. Qh5 Bxc3 27. Qxg5+ Kf8 {z.B.:} 28. Qf4 (28. e5 $5) (28. Qh6+)
28... Qxf4 29. gxf4 Ke7 30. e5 Bxg2 31. Kxg2 Kd8 32. Nxb6) 26. Qh5 Bxc3 27.
Qxh7 Qd8 (27... Kf8 28. Qh6+ Bg7 29. Qxg5 $18) 28. Qg8+ Ke7 29. Qxg5+ Bf6 30.
Qf4 ({Auch nach} 30. Qh5 {[%cal Re4e5] sehe ich kein Entkommen:} Bd4 31. e5
Bxg2 32. Qg5+ Kd7 33. Qxd8+ Kxd8 34. Kxg2) 30... Qd1+ 31. Bf1 e5 (31... Qd7 32.
e5 Bg7 33. Qg5+ Kf8 34. Nd6 $18 {[%cal Yh2h4,Yh4h5,Yh5h6]}) 32. Nxe5 Qd6 33.
Nc4 Qxf4 34. gxf4 Bxe4 35. Nxb6 Kd8 (35... axb6 36. Bg2 $18) 36. Nc4 Kc7 37.
Bg2 Bd3 38. Bd5 (38. b6+ $2 Kb8) 38... Bxc4 39. Bxc4 Kb6 40. Kg2 Ka5 41. Kf3
Bd8 {Ohne diese Umgruppierung ist der gemeinsame Vormarsch von Kf3 und Ph2
entscheidend.} 42. Ke4 Kb4 43. Kd5 {[%cal Rh2h4] Bd8 kann nicht Pb5-b6 und Ph4
gleichzeitig unterbinden.} Ka5 44. Kxc5 f5 45. Bd3 Bb6+ 46. Kc6 Bxf2 47. h4 1-0

[Event "Linares zt"]
[Site "Linares"]
[Date "1995.??.??"]
[Round "4"]
[White "Ribeiro, Fernando"]
[Black "Illescas Cordoba, Miguel"]
[Result "0-1"]
[WhiteElo "2305"]
[BlackElo "2620"]
[Annotator "Horn,Pe"]
[PlyCount "120"]
[EventDate "1995.11.??"]
[EventType "swiss"]
[EventRounds "11"]
[EventCountry "ESP"]
[SourceTitle "CBM 051"]
[Source "ChessBase"]
[SourceDate "1996.04.01"]
[SourceVersion "1"]
[SourceVersionDate "1996.04.01"]
[SourceQuality "1"]

1. e4 c5 2. Nf3 e6 3. d3 d5 4. Nbd2 Nc6 5. g3 Nf6 6. Bg2 Be7 7. O-O b6 8. Re1
Bb7 9. c3 Qc7 10. h4 (10. a3 {/\ b4 wird hier viel häufiger gespielt.}) 10...
h6 11. e5 Nd7 12. Qe2 $6 (12. Nf1 $142 Ndxe5 $140 $6 13. Nxe5 Nxe5 14. Bf4 Bd6
15. Bxe5 Bxe5 16. Qh5 $14) (12. d4 $6 cxd4 13. cxd4 Nb4 14. Re3 Qc2 $1) 12...
g5 13. hxg5 hxg5 {[%cal Rg5g4]} 14. g4 {[%csl Rf4,Rh4] Schwarz kann spätestens
hier mit dem Verlauf der Eröffnung sehr zufrieden sein.} (14. Nf1) 14... O-O-O
15. Nf1 (15. a3) 15... Rdg8 16. a3 $146 {/\ b4} (16. d4 cxd4 (16... Nf8) (16...
Kb8) 17. cxd4 Kb8 18. Bd2 Nf8 19. Rac1 Qd7 20. a3 {Sarkisova-Nevednichaja/
Spartakiade/1979} Ng6 $1 21. b4 Nh4 $40) (16. Bd2 Kb8 (16... Nf8 17. b4 Ng6 18.
b5 Nd8 19. d4 f5 20. exf6 Bxf6 21. Ng3 Nf4 22. Qf1 Qh7 23. Bxf4 gxf4 24. g5
Bxg5 25. dxc5 bxc5 26. Re5 fxg3 27. fxg3 Bf6 28. Qf2 Bxe5 {0-1
Laven-Kindermann/BL 1983}) 17. Rab1 d4 18. Ng3 Rh4 $1 19. Nxh4 gxh4 20. Ne4
Ncxe5 21. g5 $8 f5 $17 {Nazarov,A-Yandemirov,V/URS-chT Azov/1991}) 16... c4 $5
17. dxc4 (17. d4 $2 Na5 $17 {[%cal Ya5b3,Yd7f8,Yf8g6]}) 17... dxc4 $1 (17...
Na5) 18. Qxc4 Nc5 19. b4 Ba6 20. b5 Na5 21. Qe2 Bb7 $44 22. Be3 (22. Ra2) 22...
Nd7 23. Bd4 Nf8 {[%cal Rf8g6,Rg6f4]} 24. N3d2 (24. a4 Ng6 25. N1d2 Nf4 26. Qf1)
24... Bxg2 25. Kxg2 Ng6 26. Qe4 Nf4+ 27. Kf3 Kb8 28. Ng3 Rc8 29. Rh1 Rxh1 30.
Rxh1 Bxa3 31. Rh7 $6 (31. Ne2 Ng6 32. Rh5 Nh4+ 33. Ke3 Qe7 34. f3 $15) 31...
Bc5 (31... Bc1 $1 32. Ngf1 Nd5 $17 {[%csl Rc3]}) 32. Ne2 Ng6 33. Kg3 $2 (33.
Qe3 $142) 33... Bxd4 34. cxd4 $2 (34. Nxd4 Nxe5 35. Kg2 $17) 34... Qc2 $1 $19
35. Qe3 Nf4 36. Rxf7 Nd5 37. Qxg5 Qd3+ 38. Nf3 Qxe2 39. Qh6 Nc7 40. g5 Qxb5 41.
g6 Qe8 42. Ng5 Nc6 43. g7 Nxd4 44. Kg4 Qa4 (44... Nf5 45. Qh7 Qg8 46. Qxg8) 45.
Qh8 Nf5+ 46. Kh3 Nxg7 47. Qxg7 a5 48. f3 Qe8 49. Kg4 a4 50. Re7 Qc6 51. Qf7 a3
52. Nxe6 Qc4+ 53. f4 a2 54. Nxc7 Qxf7 55. Na6+ Ka8 56. Rxf7 a1=Q 57. Nc7+ Kb8
58. Ne6 Qd1+ 59. Kf5 b5 60. Kf6 b4 0-1

[Event "Chebanenco Memorial 1st"]
[Site "Kishinev"]
[Date "1998.02.16"]
[Round "8"]
[White "Chernov, Vadim A"]
[Black "Sakaev, Konstantin"]
[Result "0-1"]
[WhiteElo "2405"]
[BlackElo "2620"]
[Annotator "Horn,Pe"]
[PlyCount "108"]
[EventDate "1998.02.09"]
[EventType "tourn"]
[EventRounds "9"]
[EventCountry "MDA"]
[EventCategory "12"]
[SourceTitle "CBM 064"]
[Source "ChessBase"]
[SourceDate "1998.06.02"]
[SourceVersion "1"]
[SourceVersionDate "1998.06.02"]
[SourceQuality "1"]

1. e4 {Sakaev,K} c5 2. g3 Nc6 3. Bg2 e6 4. d3 d5 5. Nd2 g6 6. Ngf3 Bg7 7. O-O
d4 {'!?' Sakaev,K. Zu dieser Festlegung der P-Struktur greift Schwarz meist
erst, wenn Weiß sich in irgendeiner Weise (für diese Struktur) kompromittiert
hat (z.B. mit Re1).} 8. a4 {Bereitet Nc4 vor, indem der N dort gegen b7-b5
geschützt wird.} e5 9. Nc4 f6 {'!' Sakaev,K.} (9... Nge7 {Sakaev,K} 10. c3 O-O
11. cxd4 (11. b4 dxc3 12. bxc5 Nd4 $13) 11... exd4 (11... cxd4 12. b4 $36) 12.
Bf4 (12. Bd2 $5 Be6 (12... h6 13. a5 Be6 14. Qa4 $14) 13. Qb3 b6 14. Ng5 $36)
12... Be6 13. Ng5 $14) 10. Ne1 {[%cal Yf2f4] '?!' Sakaev,K.} (10. c3) (10. c3 {
Sakaev,K} Nh6 $1 11. cxd4 cxd4 12. a5 $13) 10... Nh6 11. f4 Nf7 {Der Nf7 ist
hier nützlicher als auf e7.} 12. Nf3 Bf8 {'!' Sakaev,K. Schwarz vertrödelt
insgesamt ziemlich viel Zeit. Es ist aber nicht leicht, dies zu bestrafen, da
er eine sehr effektive Verteidigungsstellung eingenommen hat. Bf8 ist keine
reine Provokation: der Bg7 wird dort nicht mehr benötigt, da der Nf7 seine
Aufgaben übernommen hat.} (12... O-O {Dieser Zug wäre wahrscheinlich den
meisten Schachspielern eingefallen; Sakaev gefiel vielleicht nicht, den K dort
zu plazieren, wo der Weiße eh seine Expansionspläne verfolgt.} 13. f5 $5 gxf5
$140 $6 14. exf5 Bxf5 $6 15. Nfxe5 $14) (12... Be6 {Es ist mir nicht klar,
warum Schwarz hier nicht gleich diesen Zug gewählt hat.} 13. f5 $5 (13. f5 {
Sakaev,K} gxf5 (13... Bxc4 14. fxg6 hxg6 15. dxc4 $14) (13... Bd7 14. fxg6 hxg6
15. Nh4) 14. Nh4 (14. exf5 Bxc4 15. dxc4 e4) 14... fxe4 15. Bxe4 $44)) 13. Rf2
(13. c3 $5 Be6 (13... Be6 {Sakaev,K} 14. f5 Bd7 15. fxg6 hxg6 16. Nh4 Rg8 $1
$15)) (13. f5 $5 g5 14. g4) 13... Be6 14. Qf1 {[%cal Yg2h3]} (14. f5 Bxc4 (
14... gxf5 15. exf5 Bd5 (15... Bxf5 $2 16. Nfxe5 $16) 16. Nfd2 $14 {[%cal
Yd2e4]}) 15. dxc4 Bh6 (15... Nd6 16. Nh4 $13 (16. fxg6 Nxe4 $140 $2 (16... hxg6
17. Nh4 $13) 17. Nxe5 Nxf2 18. Qh5 $40)) 16. fxg6 hxg6 17. Nh4 $13) 14... Qd7
15. fxe5 (15. f5 {Sakaev,K} gxf5 16. Nh4 (16. exf5 Bxc4 17. dxc4 e4 $17) 16...
f4 $1 17. gxf4 Nd6 $15) (15. Nh4 {Sakaev,K} exf4 16. gxf4 Be7 $15 17. f5 $2
Bxc4 18. fxg6 hxg6 19. Nxg6 Be6 20. Nxh8 Nxh8 $17) 15... fxe5 16. Ng5 Nxg5 17.
Bxg5 Bg7 18. g4 $2 {Weiß bietet einen P an und will das Spiel in taktische
Bahnen lenken. Der Zug hat aber ernste Mängel: er kerkert den Bg2 ein und
schwächt f4.} (18. Bf6 $6 {führt nur zu einem ungünstigen Abtausch.} O-O) (18.
h4 {[%cal Yg1h2,Yg2h3] Das wäre das naheliegende Vorgehen gewesen.} h6 19. Bd2)
(18. Rf6 $1 {Sakaev,K} Bxf6 19. Qxf6 Rf8 20. Nxe5 Qd6 (20... Qe7 $6 21. Qxe7+
Nxe7 22. Bh6 Rg8 23. Nf3 $36) 21. Nc4 Qd7 22. Ne5 $11) 18... Nd8 $1 {'-/+!'
Sakaev,K. Einerseits deckt Schwarz damit das Einbruchsfeld f7, andererseits
peilt er langfristig auch das Ziel f4 an.} (18... Bxg4 $2 19. Rf7 Qxf7 20. Nd6+
$18) (18... Bxc4 19. dxc4 Qxg4 20. Bd2 {[%csl Gg2][%cal Ya1a3,Ya3g3] Momentan
kann Weiß sein Kraftpaket (Bg2) noch nicht richtig in Szene setzen. Wenn ihm
das aber gelingt, so kann das leicht dramatische Folgen haben. Ich denke, daß
Weiß hier mindestens ausreichende Kompensation besitzt.} (20. Rf7 $6 Qxg5 21.
Rxg7 Qe3+ 22. Kh1 Rf8 $13)) (18... h6 {Sakaev,K} 19. Bh4 h5 $1 $15 (19... g5 $2
20. Bg3 O-O-O 21. Rf5 $13)) 19. Bf6 $2 {Setzt die im letzten Zug angefangene
Schwächung von f4 konsequent fort.} (19. h3 {Gibt zwar den Fehler im letzten
Zug zu, begrenzt aber den Schaden.} h5 (19... Nf7) 20. gxh5 (20. Bf6 $2 Bxf6
21. Rxf6 Bxc4 22. dxc4 hxg4 $17) 20... gxh5 (20... Rxh5 $6 21. Nxe5 $13)) 19...
Bxf6 20. Rxf6 Bxc4 21. dxc4 Ne6 (21... Qxg4 {[%csl Gg2] Schwarz ist nicht
daran interessiert, den Bg2 aus seinem Käfig zu befreien.} 22. Qf2 $44 {
[%cal Ya1f1]} (22. Ra3)) 22. g5 {[%cal Rg2h3]} Qe7 (22... Nxg5) (22... Nf4 {
Sakaev,K} 23. Rxf4 $1 $44) 23. h4 Rf8 (23... h6) (23... Nf4 24. Rxf4 exf4 25.
Qxf4 $15) 24. Qf3 (24. Rxf8+ $142 Qxf8 25. Qxf8+ Kxf8 $17) 24... Nf4 $19 {
[%csl Gf4]} 25. Rxf8+ Kxf8 26. Qg4 Kg7 27. Ra3 Rf8 28. Rb3 Qf7 29. a5 Kg8 30.
Rf3 {Ein verzweifelterVersuch, dem Bg2 doch noch zu Spiel zu verhelfen.} (30.
Bf1 Ne6 31. Qe2 Qf4 $19) 30... Qxc4 31. Bf1 Qf7 (31... Qxc2 $2 32. Rxf4 Rxf4
33. Qe6+ $11) 32. b3 Kh8 {Schwarz hat alle Zeit der Welt.} (32... Nh3+ 33. Kg2
(33. Rxh3 $4 Qxf1+ 34. Kh2 Rf2+ $19) (33. Qxh3 Qxf3 34. Qe6+ Qf7 $19) 33...
Qxf3+ 34. Qxf3 Rxf3 35. Kxf3 Nf4 $19) 33. Bc4 Qe7 34. Rf1 Kg7 35. Kh2 Qd6 36.
Kg1 Rd8 37. Kh2 Re8 38. Rf2 Qc7 39. Rf1 Rf8 40. Kg1 Qc8 41. Qxc8 Rxc8 42. Rb1
h6 43. gxh6+ Kxh6 44. Kh2 g5 45. Rg1 (45. hxg5+ Kxg5 46. Rg1+ Kf6 $19) 45...
gxh4 46. Rg4 Ng6 47. Be6 (47. Bf7 Rc6) 47... Rc6 48. Bf5 Rf6 49. Kh3 (49. Bxg6
Rxg6 50. Rxh4+ Kg7 $19 {[%cal Yg6h6]}) 49... b6 50. axb6 axb6 51. Rg1 Rd6 52.
Rd1 Kh5 53. Kg2 Nf4+ 54. Kf3 d3 0-1